书目信息 |
| 题名: |
创新经济学
|
|
| 作者: | 赵玉林 主编 | |
| 分册: | ||
| 出版信息: | 北京 中国经济出版社 2006 |
|
| 页数: | 468页 | |
| 开本: | 20cm | |
| 丛书名: | ||
| 单 册: | ||
| 中图分类: | F06 | |
| 科图分类: | ||
| 主题词: | 经济学--研究 | |
| 电子资源: | ||
| ISBN: | 7-5017-7347-5 | |
| 000 | 01117nam0 2200325 450 | |
| 000 | 01080nam0 2200313 450 | |
| 000 | 01050nam0 2200313 450 | |
| 000 | 00996nam0 2200289 450 | |
| 000 | 01025nam0 2200277 450 | |
| 000 | 00988nam0 2200265 45 | |
| 001 | TS2006046700 | |
| 005 | 20061213093127.00 | |
| 010 | @a7-5017-7347-5@dCNY29.80 | |
| 100 | @a20060829d2006 ekmy0chiy0121 ea | |
| 101 | 0 | @achi |
| 102 | @aCN@b110000 | |
| 105 | @aa z 000yy | |
| 200 | 1 | @a创新经济学@AChuang Xin Jing Ji Xue@f赵玉林主编@FZhao Yu Lin Zhu Bian |
| 210 | @a北京@c中国经济出版社@d2006 | |
| 215 | @a468页@c图@d20cm | |
| 300 | @a中经经济学文库 | |
| 330 | @a全书共有11章,第1章绪论;第2至4章是关于技术创新的过程机制;第5至8章是基于技术创新的组织创新;第9至11章是关于创新的综合分析。 | |
| 606 | 0 | @a经济学@x研究 |
| 690 | @aF06@v4 | |
| 701 | 0 | @a赵玉林@AZhao Yu Lin@4主编 |
| 801 | 0 | @aCN@b中图数据@c20061213 |
| 905 | @a10447@dF06@e50 | |
| 创新经济学/赵玉林主编.-北京:中国经济出版社,2006 |
| 468页:图;20cm |
| 中经经济学文库 |
| ISBN 7-5017-7347-5:CNY29.80 |
| 全书共有11章,第1章绪论;第2至4章是关于技术创新的过程机制;第5至8章是基于技术创新的组织创新;第9至11章是关于创新的综合分析。 |
| ● |
| 相关链接 |
|
|
|
|
正题名:创新经济学
索取号:F06/50
 
预约/预借
| 序号 | 登录号 | 条形码 | 馆藏地/架位号 | 状态 | 备注 |
| 1 | 0600635 | 206006356 | 第一样本阅览室/ [索取号:F06/50] | 在馆 | |
| 2 | 0600636 | 206006365 | 第一借阅区/ [索取号:F06/50] | 在馆 | |
| 3 | 0600637 | 206006374 | 第一借阅区/ [索取号:F06/50] | 在馆 | |
| 4 | 0600638 | 206006383 | 密集书库/ [索取号:F06/50] | 在馆 | |
| 5 | 0600639 | 206006392 | 密集书库/ [索取号:F06/50] | 在馆 | |
| 6 | 0600640 | 206006409 | 第一借阅区/ [索取号:F06/50] | 在馆 |